| 000 | 01346nam a2200337Ia 4500 | ||
|---|---|---|---|
| 001 | ebr10135709 | ||
| 003 | CaPaEBR | ||
| 006 | m u | ||
| 007 | cr cn||||||||| | ||
| 008 | 040928s2005 nyu sb 001 0 eng d | ||
| 010 | _z 2004059991 | ||
| 015 |
_aGBA521046 _2bnb |
||
| 020 | _z1403980403 | ||
| 020 | _z140396632X (alk. paper) | ||
| 040 |
_aCaPaEBR _cCaPaEBR |
||
| 035 | _a(OCoLC)560470093 | ||
| 050 | 1 | 4 |
_aPS374.P64 _bG74 2005eb |
| 100 | 1 | _aGreen, Jeremy. | |
| 245 | 1 | 0 |
_aLate postmodernism _h[electronic resource] : _bAmerican fiction at the millennium / _cJeremy Green. |
| 250 | _a1st ed. | ||
| 260 |
_aNew York : _bPalgrave Macmillan, _c2005. |
||
| 300 | _aviii, 246 p. | ||
| 504 | _aIncludes bibliographical references (p. [217]-240) and index. | ||
| 533 |
_aElectronic reproduction. _bPalo Alto, Calif. : _cebrary, _d2009. _nAvailable via World Wide Web. _nAccess may be limited to ebrary affiliated libraries. |
||
| 650 | 0 |
_aAmerican fiction _y20th century _xHistory and criticism. |
|
| 650 | 0 |
_aAmerican fiction _y21st century _xHistory and criticism. |
|
| 650 | 0 |
_aPostmodernism (Literature) _zUnited States. |
|
| 655 | 7 |
_aElectronic books. _2local |
|
| 710 | 2 | _aebrary, Inc. | |
| 856 | 4 | 0 |
_uhttp://site.ebrary.com/lib/rucke/Doc?id=10135709 _zAn electronic book accessible through the World Wide Web; click to view |
| 999 |
_c189309 _d189309 |
||